| 000 | 00335nam a22001217a 4500 | ||
|---|---|---|---|
| 082 | _a220 PRO | ||
| 100 |
_aNS Muhammad Awais _971360 |
||
| 245 | _aPR-SOF-1640-ARMOO (HERD MANAGEMENT SYSTEM) | ||
| 260 |
_aISLAMABAD _bNUST COLLEGE OF EME _c2017 |
||
| 650 |
_aDE-COMP-35 _971361 |
||
| 700 | _aSUPERVISOR Dr. Shoab Ahmad Khan | ||
| 942 | _cCR | ||
| 999 |
_c577922 _d577922 |
||